CÁTALOGO MUNICIPAL







Crónica de un recuento / (Registro nro. 10714)

Detalles MARC
000 -Cabecera (24)
Campo de control interno 00766nam a22002294a 4500
001 - Número de control
Campo de control BIBLIOTECA MUNICIPAL DE BARRANCO
007 - Tipo material - Descripcion fisica - info general
Tipo material ta
008 - Códigos de longitud fija (40p)
Campo de control de longitud fija t pe gr 00| 0 spa d
017 ## - DEPOSITO LEGAL (PERÚ)
Número Depósito Legal 96-00770
040 ## - Origen de la Catalogacion
Origen de la Catalogacion BIBLIOTECA MUNICIPAL DE BARRANCO
041 ## - Código de idioma (R)
Código de lengua del texto/banda sonora o título independiente (R) spa
043 ## - Pais ISO
País ISO pe
082 ## - Número de la Clasificación
Numero de edición 869.56
Número de documento/Ítem L83C 1996.
100 ## - Autor Personal
Autor Personal López Solórzano, Flavio, 1930-
245 ## - Titulo
Titulo Crónica de un recuento /
Mencion del autor Flavio López Solórzano.
260 ## - Pie de imprenta
Ciudad Lima :
Editorial [s.n.],
Año 1996.
300 ## - Descripcion
Páginas 331 p. ;
Dimensiones 21 cm.
520 ## - Resumen
Resumen Crónicas de un recuento de obras de teatro, poesía, reportajes y noticias de tipo periodístico.
650 #0 - Temas - Descriptores
9 (RLIN) 6684
Temas - Descriptores Literatos-Perú-Diarios.
650 #0 - Temas - Descriptores
9 (RLIN) 2773
Temas - Descriptores Cuentos peruanos - Siglo XX.
942 ## - Datos personalizados Koha
Tipo de Documento Libros
Fecha procesamiento 2025-02-24
Catalogador AAOH
Existencias
Fuente de Clasificacion Deterioro (estado) Ubicacion permanente Ubicacion actual Fecha de Ingreso a la Biblioteca Numero inventario Prestamos Signatura Topográfica Código de barras Ultima fecha de verificacion Tipo de Item Ubicación en edificio Precio dolares
Dewey Decimal Classification   Biblioteca Municipal Manuel Beingolea Biblioteca Municipal Manuel Beingolea 02/24/2025 005636   869.56 L83C 1996 005636 02/24/2025 Libros Estantería cerrada  

  

  GERENCIA DE CULTURA Y TURISMO

  Biblioteca Municipal de Barranco

  Auspiciado por la Municipalidad Distrial de Barranco

  Horario de atención: De lunes a sábado de 8:00 am a 5:00 pm.

  Correo electrónico: biblioteca@munibarranco.gob.pe

  Teléfono :203-6730, anexo 303


Ubicación